| 000 -LEADER |
| fixed length control field |
00715nam a22001817a 4500 |
| 008 - FIXED-LENGTH DATA ELEMENTS--GENERAL INFORMATION |
| fixed length control field |
131111b xxu||||| |||| 00| 0 alb d |
| 020 ## - INTERNATIONAL STANDARD BOOK NUMBER |
| International Standard Book Number |
9789995658090 |
| 041 0# - LANGUAGE CODE |
| Language code of text/sound track or separate title |
alb |
| 080 ## - UNIVERSAL DECIMAL CLASSIFICATION NUMBER |
| Universal Decimal Classification number |
336 |
| Common auxiliary subdivision |
(076) |
| 100 1# - Rafti |
| Rafti |
Muça, Rejnald |
| 245 10 - TITLE STATEMENT |
| Title |
Cikël ushtrimesh dhe problemash të drejtimit financiar 1 : |
| Statement of responsibility, etc |
Rejnald Muça. |
| 260 ## - |
| -- |
Tiranë : |
| -- |
Pegi ; |
| -- |
2009. |
| 300 ## - |
| -- |
270 f. : |
| -- |
ilustr. ; |
| -- |
30 cm. |
| 500 ## - |
| -- |
Parathënie : f. [I] |
| 650 #0 - |
| -- |
Drejtimi(Administrimi) |
| -- |
Tekste universitare |
| -- |
Financa |
| -- |
Probleme, ushtrime, etj. |
| 650 #0 - |
| -- |
Financa |
| -- |
Tekste universitare |
| -- |
Probleme, ushtrime, etj |
| 942 ## - ADDED ENTRY ELEMENTS (KOHA) |
| Source of classification or shelving scheme |
|
| Item type |
Books |